00426nam a2200193Ia 4500003000900000008004100009040001300050040001300063041000800076100002600084245002500110250001500135260002700150260000900177300001100186300001200197490000600209600001700215IT-RoPAU120407s9999 xx 000 0 und d aIT-RoPAU cIT-RoPAU afra aMarie-Maximin Frère aRegardez l’Etoile. aMontréal aCentre Marial Canadien c1950 a762 p. c20,5 cm v1 a1. Maria ss.